AH International Schools' Libraries

A child's book of art : (Record no. 50094)

MARC details
000 -LEADER
fixed length control field 00797nam a2200241 4500
020 ## - INTERNATIONAL STANDARD BOOK NUMBER
International Standard Book Number 1564582035 :
Terms of availability $16.95
020 ## - INTERNATIONAL STANDARD BOOK NUMBER
International Standard Book Number 9781564582034
020 ## - INTERNATIONAL STANDARD BOOK NUMBER
International Standard Book Number 9781564582034
035 ## - SYSTEM CONTROL NUMBER
System control number 3925831
040 ## - CATALOGING SOURCE
Original cataloging agency DLC
Transcribing agency DLC
Modifying agency DLC
042 ## - AUTHENTICATION CODE
Authentication code lcac
050 00 - LIBRARY OF CONGRESS CALL NUMBER
Classification number N7477
Item number .M53 1993
082 00 - DEWEY DECIMAL CLASSIFICATION NUMBER
Classification number 701/.1
Edition number 20
100 1# - MAIN ENTRY--PERSONAL NAME
Personal name Micklethwait, Lucy,
Relator term author.
9 (RLIN) 4945
245 12 - TITLE STATEMENT
Title A child's book of art :
Remainder of title great pictures : first words /
Statement of responsibility, etc selected by Lucy Micklethwait.
260 ## - PUBLICATION, DISTRIBUTION, ETC. (IMPRINT)
Place of publication, distribution, etc London ;
-- New York :
Name of publisher, distributor, etc Dorling Kindersley,
Date of publication, distribution, etc 1993.
300 ## - PHYSICAL DESCRIPTION
Extent 64 p. :
Other physical details col. ill. ;
Dimensions 36 cm.
500 ## - GENERAL NOTE
General note Includes index.
520 ## - SUMMARY, ETC.
Summary, etc An introduction to art that uses well-known works of art to illustrate familiar words.
650 #0 - SUBJECT ADDED ENTRY--TOPICAL TERM
Topical term or geographic name as entry element Art appreciation
General subdivision Juvenile literature.
650 #1 - SUBJECT ADDED ENTRY--TOPICAL TERM
Topical term or geographic name as entry element Vocabulary.
942 ## - ADDED ENTRY ELEMENTS (KOHA)
Source of classification or shelving scheme
Koha item type Book
Holdings
Withdrawn status Lost status Source of classification or shelving scheme Damaged status Not for loan Home library Current library Date acquired Total Checkouts Full call number Barcode Date last seen Price effective from Koha item type
          Logos International School Logos International School 01/16/2026   J 701.1 MIC 040825 01/20/2026 01/16/2026 Book

For any Logos Library related questions please contact Miss Art at swongnarasuk@asianhope.org.

For any Asian Hope Library related questions please contact Miss Raza at graza@asianhope.org.

Powered by Koha